00531nam a2200133 4500040000900000082001400009100001700023245007200040260002200112300001200134505021300146650001600359651002200375 cNUST a650.1,NEW aNewport, Cal aDeep work:bRules for focused in a distracted world / cCal Newport aUSbPiarkusc2016 a296 p.; aDeep Work is Valuable (Page-21), Deep Work is Rare (Page-49), Deep Work is Meaningful (Page-72), Work Deeply (Page-95), Embrace Boredom (Page-155), Quir Social Media (Page-181), Drain the Shallows (Page-215). aWork Deeply 2Quit Social Media